Wilma unlimited : (Record no. 6440)

MARC details
000 -LEADER
fixed length control field 01385cam a2200349 a 4500
001 - CONTROL NUMBER
control field 6440
003 - CONTROL NUMBER IDENTIFIER
control field FISKH
005 - DATE AND TIME OF LATEST TRANSACTION
control field 20260304091033.0
008 - FIXED-LENGTH DATA ELEMENTS--GENERAL INFORMATION
fixed length control field 950726s1996 caua j 000 0beng
010 ## - LIBRARY OF CONGRESS CONTROL NUMBER
LC control number 95032105
020 ## - INTERNATIONAL STANDARD BOOK NUMBER
International Standard Book Number 0152012672
020 ## - INTERNATIONAL STANDARD BOOK NUMBER
International Standard Book Number 9780152020989
040 ## - CATALOGING SOURCE
Original cataloging agency DLC
Transcribing agency DLC
Modifying agency DLC
Language of cataloging eng
050 ## - LIBRARY OF CONGRESS CALL NUMBER
Classification number GV1061.R83 K78
082 ## - DEWEY DECIMAL CLASSIFICATION NUMBER
Classification number 796.42092
100 1# - MAIN ENTRY--PERSONAL NAME
Personal name Krull, Kathleen.
245 10 - TITLE STATEMENT
Title Wilma unlimited :
Remainder of title how Wilma Rudolph became the world's fastest woman /
Statement of responsibility, etc. Kathleen Krull ; illustrated by David Diaz.
260 ## - PUBLICATION, DISTRIBUTION, ETC.
Place of publication, distribution, etc. New York :
Name of publisher, distributor, etc. Houghton Mifflin Harcourt Publishing,
Date of publication, distribution, etc. 1996.
300 ## - PHYSICAL DESCRIPTION
Extent 28 unnnumbered pages :
Other physical details color illustrations ;
Dimensions 22 x 28 cm
520 ## - SUMMARY, ETC.
Summary, etc. A biography of the African-American woman who overcame crippling polio as a child to become the first woman to win three gold medals in track in a single Olympics.
600 10 - SUBJECT ADDED ENTRY--PERSONAL NAME
Personal name Rudolph, Wilma,
Dates associated with a name 1940-1994
Form subdivision Juvenile literature.
600 11 - SUBJECT ADDED ENTRY--PERSONAL NAME
Personal name Rudolph, Wilma,
Dates associated with a name 1940-1994.
650 #0 - SUBJECT ADDED ENTRY--TOPICAL TERM
Topical term or geographic name entry element Runners (Sports)
Geographic subdivision United States
Form subdivision Biography
-- Juvenile literature.
650 #0 - SUBJECT ADDED ENTRY--TOPICAL TERM
Topical term or geographic name entry element Women runners
Geographic subdivision United States
Form subdivision Biography
-- Juvenile literature.
650 #1 - SUBJECT ADDED ENTRY--TOPICAL TERM
Topical term or geographic name entry element Track and field athletes.
650 #1 - SUBJECT ADDED ENTRY--TOPICAL TERM
Topical term or geographic name entry element African Americans
Form subdivision Biography.
650 #1 - SUBJECT ADDED ENTRY--TOPICAL TERM
Topical term or geographic name entry element Women
Form subdivision Biography.
700 1# - ADDED ENTRY--PERSONAL NAME
Personal name Diaz, David,
Relator term illustrator
906 ## - LOCAL DATA ELEMENT F, LDF (RLIN)
a 7
b cbu
c orignew
d 1
e ocip
f 19
g y-gencatlg
942 ## - ADDED ENTRY ELEMENTS (KOHA)
Source of classification or shelving scheme Dewey Decimal Classification
Koha item type Books
Suppress in OPAC No
Holdings
Withdrawn status Lost status Source of classification or shelving scheme Damaged status Not for loan Collection Home library Current library Shelving location Date acquired Total Checkouts Full call number Barcode Date last seen Copy number Price effective from Koha item type
    Dewey Decimal Classification     Non-Fiction Footprints International School Library Network Toul Kork Campus Footprints International School Library Network Toul Kork Campus A TK Campus, 4th Floor, Room B401, Non-Fiction Bookcases(7-8) 05/02/2025   KRU 796.42092 GV1061.R83 K78 FISTK01989 05/02/2025 1 05/02/2025 Books
    Dewey Decimal Classification     Non-Fiction Footprints International School Library Network Toul Kork Campus Footprints International School Library Network Toul Kork Campus A TK Campus, 4th Floor, Room B401, Non-Fiction Bookcases(7-8) 05/16/2025   KRU 796.42092 GV1061.R83 K78 FISTK02134 05/16/2025 2 05/16/2025 Books